Iron horse country /

Saved in:
Bibliographic Details
Main Author: Joscelyn, Archie, 1899-
Format: Book
Language:English
Published: New York : Manor, 1976.
LEADER 00673nam a2200193 a 4500
001 c000227369
003 CARM
005 20061206171417.0
008 740517s1976 nyu 000 1 eng d
019 1 |a 41358819  |5 LACONCORD2021 
035 |a (OCoLC)225023709  |5 LACONCORD2021 
040 |a VCAV  |c VCAV 
100 1 |a Joscelyn, Archie,  |d 1899- 
245 1 0 |a Iron horse country /  |c Al Cody. 
260 |a New York :  |b Manor,  |c 1976. 
300 |a 192 p. 
852 8 |b CARM  |h A2:AP34A0  |i A04042  |p 0341346  |f BK 
999 f f |i 25269375-c5e5-57ff-879d-1acdcaeee3d8  |s 2bf69adc-c090-5b93-ae96-8255a2cc6ccc 
952 f f |p Can circulate  |a CAVAL  |b CAVAL  |c CAVAL  |d CARM 1 Store  |e A04042  |f A2:AP34A0  |h Other scheme  |i book  |m 0341346